00399 2200157 4500001002100000005001500021035002000036245005600056100001500112300001200127260004600139082000800185084001400193020002200207990001200229INLIS00000000000250420250604112921 a0010-06250000901 aSuper Modul KSN Kebumian 1 :bGeosfer /cNur Adilah0 aNur Adilah a245 hlm aJakarta :bPT. Jakarta Sains Media,c2022 a550 a550 NUR s a978-623-6111-27-7 a0754864